| 000 | 01161nam0a22002771 4500 | ||
|---|---|---|---|
| 001 | rc\4413037 | ||
| 005 | 20250612074646.0 | ||
| 021 |
_aRU _b[57-9846] |
||
| 035 | _a(NLR Aleph) 008565199 | ||
| 090 |
_a8490641 _c8490641 |
||
| 100 | _a20130416d1957 |||y0rusy50 ca | ||
| 101 | 0 | _arus | |
| 102 | _aRU | ||
| 105 | _aa z ||||| | ||
| 200 | 1 |
_aАвтоматизация и механизация в хлопкопрядильном производстве _eКонспект лекций _fПод ред. С.С. Швырева _gНауч.-техн. о-во легкой пром-сти. Обществ. ун-т |
|
| 210 |
_aМосква _cГизлегпром _d1957 |
||
| 215 |
_a39 с., 1 л. черт. _cил. _d20 |
||
| 606 |
_aХлопкопрядильное производство _xМеханизация _2psbo |
||
| 606 |
_aХлопкопрядильное производство _xАвтоматизация _2psbo |
||
| 700 | 1 |
_aДылевский _bА.А. _gАндрей Алексеевич |
|
| 702 | 1 |
_aШвырев _bС.С. _4340 |
|
| 801 | 0 |
_aRU _bNLR _gpsbo |
|
| 801 | 1 |
_aRU _bELAR _2rusmarc |
|
| 852 |
_aNLR _j57-4/2736 |
||
| 942 | _cBOOK | ||
| 980 | _aNB | ||